| 000 | 00529 a2200169 4500 | ||
|---|---|---|---|
| 999 |
_c6962 _d6962 |
||
| 020 | _a9789350043165 | ||
| 050 | _aHD 2746.5 DES 2012 | ||
| 100 |
_aDesai, M , Jay _eauthor |
||
| 245 |
_aMergers and acquisitions _cJay, M Desai |
||
| 264 |
_aNew Delhi : _bHimal Impressions, _c2012, |
||
| 300 | _a554p.: | ||
| 500 | _aIncludes index. | ||
| 650 | _aConsolidation and merger of corporations. | ||
| 650 |
_aBusiness and aquisitions. _xMergers & Acquisitions. |
||
| 700 |
_aNisarg , A Joshi _eauthor |
||
| 942 |
_2lcc _cBK _h2746,5 _iDES _kHD |
||